| 000 | 00403nam a2200145 a 4500 | ||
|---|---|---|---|
| 001 | 1730 | ||
| 003 | CDMR | ||
| 005 | 20130528184516.0 | ||
| 008 | 130130s1969||||||||||||||||||||||||||||d | ||
| 040 |
_aCDMR _bcat _cCDMR |
||
| 100 | 1 |
_aBond, Frank Fraser _91292 |
|
| 245 | 1 | 0 |
_aIntroducción al periodismo _b: estudio del cuarto poder en todas sus formas |
| 260 |
_aMéxico _c1969 _bLimusa-Wiley |
||
| 942 |
_cMON _2udc |
||
| 999 |
_c1730 _d1730 |
||